01209nab a22002057a 4500003000400000005001700004008004100021040000700062100002700069245018600096260007300282300001300355500003800368505029200406505008200698650001800780650001800798650003300816773015400849OSt20251222231155.0190429b xxu||||| |||| 00| 0 spa d cPJ aSarde, Sebastián M. 10aCapacidad jurídica de los penados con pena privativa de libertad por más de tres años y su intervención en juicio. Aspectos normativos y procesales /cSebastián M. Sarde.  cCiudad Autónoma de Buenos Aires :aThomson Reuters La Ley, b2025. ap. 80-85 aCita: TR LALEY AR/DOC/1253/2025.  aSumario: I. Introducción.— II. La inhabilitación a la capacidad de ejercicio impuesta por el art. 12 del Cód. Penal: evolución normativa e interpretación doctrinaria.— III. La restricción de la capacidad y su impacto en el proceso civil y comercial.— IV. Conclusión.  tSi te interesa el texto completo, solicitalo a koha@justierradelfuego.gov.ar  0aDERECHO PENAL 0aPROCESO PENAL 0aRESTRICCIONES A LA CAPACIDAD0 02658tRevista de derecho penal y criminología. Nº 11 - Diciembre 2025dCiudad Autónoma de Buenos Aires : Thomson Reuters La Ley, 2017-x00347914